Propuesta de un sistema de información web para la gestión del talento humano de la empresa Clima Global, S.A
El trabajo presenta una propuesta de un sistema de información web para la gestión del talento humano de la empresa Clima Global, S.A. tiene como propósito automatizar y aplicar los métodos y modelos de la gestión del talento humano, permitiendo mayores niveles de eficiencia y eficacia en el co...
| Main Authors: | , |
|---|---|
| Other Authors: | |
| Format: | Tesis Section = Libro |
| Language: | Undetermined Spanish |
| Published: |
Managua
UNI
2022
|
| Subjects: |
| LEADER | 01219nam a2200265Ia 4500 | ||
|---|---|---|---|
| 008 | 240830s9999 xx 000 0 und d | ||
| 040 | |a BIBLIOTECA-RUPAP/ Mon 005.1 B276 | ||
| 041 | |a spa | ||
| 082 | |a Mon 005.1 B276 | ||
| 100 | 1 | |a Barrios Cruz, Marilyn | |
| 100 | 1 | |b Delgado Castro, Michael Antonio | |
| 245 | 1 | 0 | |a Propuesta de un sistema de información web para la gestión del talento humano de la empresa Clima Global, S.A |
| 260 | |a Managua |b UNI |c 2022 | ||
| 300 | |a 188 p. :il. | ||
| 500 | |a Contiene: anexos y CD. | ||
| 502 | |a Tesis (Ingeniero de Sistemas) - UNI, 2022. | ||
| 520 | 3 | |a El trabajo presenta una propuesta de un sistema de información web para la gestión del talento humano de la empresa Clima Global, S.A. tiene como propósito automatizar y aplicar los métodos y modelos de la gestión del talento humano, permitiendo mayores niveles de eficiencia y eficacia en el control y comunicación de los colaborados en Clima Global, S.A. | |
| 650 | 7 | |a SISTEMA WEB | |
| 650 | 7 | |b AUTOMATIZACION | |
| 650 | 7 | |c SISTEMAS INFORMATICOS | |
| 650 | 7 | |d ADMINISTRACION DE RECURSOS HUMANOS | |
| 700 | 1 | |a Tutor: |b Hernández Garcia, Denis Eduardo | |
| 942 | |c BK |2 ddc | ||
| 991 | |a Tesis | ||
| 999 | |c 27605 | ||